| 000 | 00660nam a2200253Ia 4500 | ||
|---|---|---|---|
| 008 | 170203s9999 xx 000 0 und d | ||
| 020 | _a0-786820225 | ||
| 050 | _aFic | ||
| 050 | _bSi592m | ||
| 100 | _aSimms, Laura. | ||
| 245 | _aMoon and Otter and Frog / | ||
| 245 | _cLaura Simms ; illustrated by Clifford Brycelea. | ||
| 260 | _aNew York : | ||
| 260 | _bHyperion Books for Children, | ||
| 260 | _c1995 | ||
| 300 | _a1 volume (unpaged) : | ||
| 300 | _bcolor illustrations ; | ||
| 300 | _c26 cm | ||
| 440 | _v` | ||
| 650 | _aIndians of North America -- | ||
| 650 | _aModoc Indians -- | ||
| 650 | _x Folklore. | ||
| 650 | _xFolklore. | ||
| 999 |
_c306549 _d306549 |
||